书目信息 |
| 题名: |
走近南海
|
|
| 作者: | 王东晓 主编 | |
| 分册: | ||
| 出版信息: | 武汉 湖北科学技术出版社 2016.08 |
|
| 页数: | 205页 | |
| 开本: | 24cm | |
| 丛书名: | 中国科学院科普专家讲座系列 | |
| 单 册: | ||
| 中图分类: | P722.7 | |
| 科图分类: | ||
| 主题词: | 南海--nan hai--普及读物 | |
| 电子资源: | ||
| ISBN: | 978-7-5352-8990-2 | |
| 000 | 01296nam 2200289 450 | |
| 001 | CAL 0120162035250 | |
| 005 | 20171211153541.48 | |
| 010 | @a978-7-5352-8990-2@b@dCNY68.00 | |
| 100 | @a20161026d2016 em y0chiy50 ea | |
| 101 | 0 | @achi |
| 102 | @aCN@b420000 | |
| 105 | @aa z 000yy | |
| 106 | @ar | |
| 200 | 1 | @a走近南海@Azou jin nan hai@e中国海洋学家南海考察笔记@f王东晓主编@g |
| 210 | @a武汉@c湖北科学技术出版社@d2016.08 | |
| 215 | @a205页@c彩图@d24cm | |
| 225 | 2 | @a中国科学院科普专家讲座系列@Azhong guo ke xue yuan ke pu zhuan jia jiang zuo xi lie |
| 314 | @a王东晓, 研究员, 现任中国科学院南海海洋研究所副所长。 | |
| 330 | @a本书是由中国科学院海洋研究专家撰写的科普读物, 主要讲述科学家们在中国南海海域进行科学考察的故事, 内容包括七彩绚烂的珊瑚礁, 奇妙的微观生物世界, 海洋中的绿色和古代特使, 新奇无尽的海洋能源, 探索海洋的神奇利器, 海洋中的隐秘杀手, 以及其他海洋科考知识等。全书图文并茂, 语言生动、有趣, 适合海洋爱好者和青少年学生阅读。 | |
| 410 | 0 | @12001 @a中国科学院科普专家讲座系列 |
| 517 | 1 | @a中国海洋学家南海考察笔记@Azhong guo hai yang xue jia nan hai kao cha bi ji |
| 606 | 0 | @a南海@Anan hai@j普及读物 |
| 690 | @aP722.7@v5 | |
| 701 | 0 | @a王东晓@Awang dong xiao@4主编 |
| 801 | 0 | @aCN@b人天书店@c20161026@g |
| 905 | @aBZT@dP722.7@e1 | |
| 906 | @dCNY68.00@n3@r1 | |
| 走近南海:中国海洋学家南海考察笔记/王东晓主编.-武汉:湖北科学技术出版社,2016.08 |
| 205页:彩图;24cm.-(中国科学院科普专家讲座系列) |
| ISBN 978-7-5352-8990-2:CNY68.00 |
| 本书是由中国科学院海洋研究专家撰写的科普读物, 主要讲述科学家们在中国南海海域进行科学考察的故事, 内容包括七彩绚烂的珊瑚礁, 奇妙的微观生物世界, 海洋中的绿色和古代特使, 新奇无尽的海洋能源, 探索海洋的神奇利器, 海洋中的隐秘杀手, 以及其他海洋科考知识等。全书图文并茂, 语言生动、有趣, 适合海洋爱好者和青少年学生阅读。 |
| ● |
| 相关链接 |
|
|
|
正题名:走近南海
索取号:P722.7/1
 
预约/预借
| 序号 | 登录号 | 条形码 | 馆藏地/架位号 | 状态 | 备注 |
| 1 | 837769 | 2000837769 | 第二书库/ [索取号:P722.7/1] | 在馆 | |
| 2 | 837770 | 2000837770 | 第二书库/ [索取号:P722.7/1] | 在馆 | |
| 3 | 837771 | 2000837771 | 第二书库/ [索取号:P722.7/1] | 在馆 |